000 00297nam a22001217a 4500
008 180104b xxu||||| |||| 00| 0 eng d
041 _aeng
080 _a159.9
100 _a49
101 _aPSI
245 _aDEVELOPMENT IN EARLY CHIDHOOD PRESCHOOL TEARS
_cCARDDNER.D.B
942 _2udc
_cBK
999 _c39696
_d39696